000 00320nam a2200133Ia 4500
008 231129s1928||||xx |||||||||||||| ||spa||
040 _bspa
082 _a330.16 G899p
100 _aGual Villalbi Pedro
245 0 _aPolitica de distribucion de la riqueza
260 _c1928
264 _aJuventud
942 _2ddc
_cBKS
999 _c23008
_d23008